000 00690nam a2200253Ia 4500
003 OSt
005 20221007071354.0
006 a|||||r|||| 00| 0
007 ta
008 221006b |||||||| |||| 00| 0 eng d
024 _a25,021
037 _cTextual
040 _aFLL
_cFLL
_beng
041 _2eng
_aeng
082 _aZ3:121, K0
100 _aJackson Joseph
_9688620
245 0 _aPractice and law in the divorce division
250 _a8th
260 _aLondon
_bButterworths London
_c1960
300 _acxcii,1-1622p
_ccm.
700 _a Colgate D.H.
_9688621
942 _hZ3:121, K0
_cTEXL
_2CC
999 _c1143173
_d1143173